Introduction to politics (Record no. 219897)

MARC details
000 -LEADER
fixed length control field 00777nam a2200241Ia 4500
008 - FIXED-LENGTH DATA ELEMENTS--GENERAL INFORMATION
fixed length control field 191130s2009##################000#0#eng##
020 ## - INTERNATIONAL STANDARD BOOK NUMBER
ISBN 9780199231331
082 ## - DEWEY DECIMAL CLASSIFICATION NUMBER
Classification number 320 GAR
100 ## - MAIN ENTRY--AUTHOR NAME
Personal name Garner, Robert
245 ## - TITLE STATEMENT
Title Introduction to politics
Statement of responsibility, etc Robert Garner, Peter Ferdinand, Stephanie Lawson
260 ## - PUBLICATION, DISTRIBUTION, ETC. (IMPRINT)
Place of publication Oxford
Name of publisher Oxford University Press
Year of publication 2009
300 ## - PHYSICAL DESCRIPTION
Number of Pages xxv, 527 p. : ill. (some col.), maps ; 25 cm
500 ## - GENERAL NOTE
General note Includes bibliographical references (p. 495-512) and index
650 ## - SUBJECT ADDED ENTRY--TOPICAL TERM
Topical Term International relations
Topical Term Political science
Topical Term Politieke wetenschappen
700 ## - ADDED ENTRY--PERSONAL NAME
Personal name Ferdinand, Peter
Personal name Lawson, Stephanie
991 ## -
-- 193734
Holdings
Withdrawn status Lost status Damaged status Not for loan Home library Current library Shelving location Date acquired Full call number Accession Number Price effective from Koha item type
        Anna Centenary Library Anna Centenary Library 3RD FLOOR, B WING 13.10.2020 320 GAR 112190 13.10.2020 English Books

Find us on the map